000 01180nam a2200337 a 4500
001 UByD002662
003 AR-LpoUNG
005 20240418145756.0
008 240418s1999||||sp |||||||||||||||||spa d
020 _a8483061953
040 _aAR-LpoUNG
_bspa
_cAR-LpoUNG
_eaacr
041 1 _aspa
044 _aag
082 0 _a507 179que
100 1 _aMaddox, John
245 1 4 _aLo que queda por descubrir :
_buna incursión en los problemas aún no resueltos por la ciencia desde el origen de la vida hasta el futuro de la humanidad
250 _a1ra. ed.
260 _aMadrid :
_bDebate,
_c1999.
300 _a375 p. :
_btbls.
500 _aIncluye índice.
520 _aSe trata de un informe documentado sobre los más importantes enigmas por resolver entorno al universo, la astronomía, la astrofísica, la materia, la ciencia en su conjunto, y sobre los esfuerzos de los científicos por resolverlos.
650 4 _aCULTURA CIENTIFICA
650 4 _aASTRONOMIA
650 4 _aASTROFISICA
650 4 _aCIENCIA
650 4 _aINVESTIGACION CIENTIFICA
650 4 _aPROGRESO CIENTIFICO
700 1 _aIbeas, Juan Manuel
905 _a30239
942 _cLIB
_2ddc
999 _c65186
_d65186